Perspektívy rozvoja finančných trhov krajín BRICu bakalárska práca

Uložené v:
Podrobná bibliografia
Hlavný autor: Štefánik, Tomáš
Korporativný autor: Národohospodárska fakulta EU. Katedra bankovníctva a medzinárodných financií
Ďalší autori: Vojtková, Mária
Médium: Kniha
Jazyk:Slovak
Vydavateľské údaje: Bratislava 2013
Tagy: Pridať tag
Žiadne tagy, Buďte prvý, kto otaguje tento záznam!

MARC

LEADER 00000nbm a2200000 4500
001 0172513
005 20161109112057.7
041 0 |a slo 
044 |a SK 
245 1 0 |a Perspektívy rozvoja finančných trhov krajín BRICu  |b bakalárska práca  |c Tomáš Štefánik ; školiteľ: Mária Vojtková 
264 1 |a Bratislava  |c 2013 
300 |a 54 s. 
100 1 |a Štefánik, Tomáš 
700 1 |a Vojtková, Mária 
710 2 |a Národohospodárska fakulta EU. Katedra bankovníctva a medzinárodných financií